书目信息 |
| 题名: |
SketchUp & Photoshop室内手绘设计
|
|
| 作者: | 戈登 著 ;张臻 , 蔡海玲 译 | |
| 分册: | ||
| 出版信息: | 北京 中国青年出版社 2018 |
|
| 页数: | 223页 | |
| 开本: | 21x28cm | |
| 丛书名: | ||
| 单 册: | ||
| 中图分类: | TU238.2-39 | |
| 科图分类: | ||
| 主题词: | 室内装饰设计--shi nei zhuang shi she ji--计算机辅助设计--应用软件 | |
| 电子资源: | ||
| ISBN: | 978-7-5153-5072-1 | |
| 000 | 01587nam0 2200289 450 | |
| 001 | 012001003677 | |
| 005 | 20131105102715.0 | |
| 010 | @a978-7-5153-5072-1@dCNY128.00 | |
| 099 | @aCAL 012018091517 | |
| 100 | @a20180717d2018 em y0chiy50 ea | |
| 101 | 1 | @achi@ceng |
| 102 | @aCN@b110000 | |
| 105 | @aa z 000yy | |
| 106 | @ar | |
| 200 | 1 | @aSketchUp & Photoshop室内手绘设计@ASketchUp & Photoshopshi nei shou hui she ji@f(美) 罗伯特·菲利普·戈登著@d= Integrated drawing techniques@edesigning interiors with hand sketching, sketchup and photoshop@fRobert Philip Gordon@g张臻, 蔡海玲译@zeng |
| 210 | @a北京@c中国青年出版社@d2018 | |
| 215 | @a223页@c图 (部分彩图)@d21x28cm | |
| 306 | @a本译作获Bloomsbury Publishing Plcs授权中国青年出版社独家出版发行 | |
| 330 | @a我们可以综合使用手绘草图技术和计算机软件进行设计, 比如SketchUp和Photoshop软件, 但前提是我们要知道这些软件的独特之处, 何时以及如何使用这些软件。本书将以众多案例为基础, 介绍一种通过手绘草图和计算机软件融合绘画和设计的方法, 将众多技能融合作为设计过程中的一部分如果设计师能够充分发挥出综合运用手绘草图和数字技术的优势, 并竭力完善设计以及与客户的沟通, 其设计水平将不断提升。 | |
| 500 | 10 | @aIntegrated drawing : techniques designing interiors with hand sketching, sketchup and photoshop@mChinese |
| 606 | 0 | @a室内装饰设计@Ashi nei zhuang shi she ji@x计算机辅助设计@x应用软件 |
| 690 | @aTU238.2-39@v5 | |
| 701 | 1 | @a戈登@Age deng@g(Gordon, Robert Philip)@4著 |
| 702 | 0 | @a张臻@Azhang zhen@4译 |
| 702 | 0 | @a蔡海玲@Acai hai ling@4译 |
| 801 | 2 | @aCN@b上海新华@c20191020 |
| 905 | @b1206230-3@dTU238.2-39@e1614@f4 | |
| SketchUp & Photoshop室内手绘设计/(美) 罗伯特·菲利普·戈登著= Integrated drawing techniques:designing interiors with hand sketching, sketchup and photoshop/Robert Philip Gordon/张臻, 蔡海玲译.-北京:中国青年出版社,2018 |
| 223页:图 (部分彩图);21x28cm |
| ISBN 978-7-5153-5072-1:CNY128.00 |
| 我们可以综合使用手绘草图技术和计算机软件进行设计, 比如SketchUp和Photoshop软件, 但前提是我们要知道这些软件的独特之处, 何时以及如何使用这些软件。本书将以众多案例为基础, 介绍一种通过手绘草图和计算机软件融合绘画和设计的方法, 将众多技能融合作为设计过程中的一部分如果设计师能够充分发挥出综合运用手绘草图和数字技术的优势, 并竭力完善设计以及与客户的沟通, 其设计水平将不断提升。 |
| ● |
| 相关链接 |
|
|
|
|
正题名:SketchUp & Photoshop室内手绘设计
索取号:TU238.2-39/1614
 
预约/预借
| 序号 | 登录号 | 条形码 | 馆藏地/架位号 | 状态 | 备注 |
| 1 | 1206230 | 212062300 | 第二样本阅览室/ [索取号:TU238.2-39/1614] | 在馆 | |
| 2 | 1206231 | 212062319 | 第三借阅区/ [索取号:TU238.2-39/1614] | 在馆 | |
| 3 | 1206232 | 212062328 | 第三借阅区/ [索取号:TU238.2-39/1614] | 在馆 | |
| 4 | 1206233 | 212062337 | 第三借阅区/ [索取号:TU238.2-39/1614] | 在馆 |